000 01028cam a2200277 a 4500
999 _c342545
_d342545
001 2405059
003 NUST
005 20180102105225.0
008 860502t19861938mau 000 1 eng
010 _a 86010291
020 _a0316289396 :
_c$7.95
040 _aDLC
_cDLC
_dDLC
050 0 0 _aPR6011.O56
_bF5 1986
082 0 0 _a823.912
_bFOR
100 1 _aForester, C. S.
_q(Cecil Scott),
_d1899-1966.
_97956
245 1 0 _aFlying colours /
_cby C.S. Forester.
260 _aBoston :
_bLittle, Brown,
_c1986
300 _a294 p. ;
_c20 cm.
650 0 _aHornblower, Horatio (Fictitious character)
_xFiction.
_97957
650 0 _aNapoleonic Wars, 1800-1815
_xFiction.
_97958
651 0 _aGreat Britain
_xHistory, Naval
_y19th century
_xFiction.
_97959
655 7 _aHistorical fiction.
_2gsafd
_9417
655 7 _aSea stories.
_2gsafd
_97960
856 4 2 _3Publisher description
_uhttp://www.loc.gov/catdir/enhancements/fy0914/86010291-d.html
906 _a7
_bcbc
_corignew
_d1
_eocip
_f19
_gy-gencatlg
942 _2ddc
_cBK